Normal view MARC view

Entry Topical Term

Number of records used in: 1

001 - CONTROL NUMBER

  • control field: 29246

003 - CONTROL NUMBER IDENTIFIER

  • control field: OSt

005 - DATE AND TIME OF LATEST TRANSACTION

  • control field: 20260301103401.0

008 - FIXED-LENGTH DATA ELEMENTS

  • fixed length control field: 260301|| aca||aabn | a|a d

040 ## - CATALOGING SOURCE

  • Original cataloging agency: OSt
  • Transcribing agency: OSt

150 ## - HEADING--TOPICAL TERM

  • Topical term or geographic name entry element: রম্য ও ব্যঙ্গ রচনা

670 ## - SOURCE DATA FOUND

  • Source citation: Work cat.: (OSt): হাসান ,মোঃ মেহেদী 29245, মোল্লা, হোজ্জা বা আফিন্দির গল্প /, ২০২৫

Library Home | Contacts | BCS Admin Academy Home

Last Update on February 04, 2025
Copyright @ 2025 BCS Admin Academy Library
BCS Admin Academy